[Event "Muensterland Verbandsliga 1920"]
[Site "Germany"]
[Date "2020.01.11"]
[Round "5.6"]
[White "Diepenbrock, Till"]
[Black "Van de Vyle, Jan"]
[Result "1/2-1/2"]
[WhiteElo "1788"]
[BlackElo "1778"]
[PlyCount "53"]
[EventDate "2019.09.07"]
[EventType "team-tourn"]
[EventRounds "7"]
[EventCountry "GER"]
[SourceTitle "EXT 2023"]
[Source "ChessBase"]
[SourceDate "2022.10.05"]
[SourceVersion "1"]
[SourceVersionDate "2022.10.05"]
[SourceQuality "1"]
[WhiteTeam "Nordwalde"]
[BlackTeam "Nienberge II"]
[WhiteTeamCountry "GER"]
[BlackTeamCountry "GER"]

1. e4 e5 2. Nf3 Nc6 3. Bc4 Nf6 4. Ng5 d5 5. exd5 Na5 6. Bb5+ c6 7. dxc6 Nxc6 8. Qf3 Bd7 9. Bd3 Be7 10. Nc3 0-0 11. 0-0 h6 12. Nge4 Nd5 13. Ng3 Nf4 14. Nce2 Nxd3 15. Qxd3 f5 16. b3 e4 17. Qe3 Qc7 18. Nf4 Bd6 19. Ngh5 Rae8 20. Bb2 g5 21. Ng6 Rf7 22. Nf6+ Rxf6 23. Bxf6 Kf7 24. Be5 Bxe5 25. Nxe5+ Rxe5 26. f4 exf3 27. Qxf3 1/2-1/2

[Event "Muenster op 36th"]
[Site "Muenster"]
[Date "2018.10.12"]
[Round "1"]
[White "Kartsev, Soel"]
[Black "Van de Vyle, Jan"]
[Result "1-0"]
[WhiteElo "2253"]
[BlackElo "1885"]
[PlyCount "31"]
[EventDate "2018.10.12"]
[EventType "swiss"]
[EventRounds "9"]
[EventCountry "GER"]
[SourceTitle "CBM 187 Extra"]
[Source "ChessBase"]
[SourceDate "2018.11.04"]
[SourceVersion "1"]
[SourceVersionDate "2018.11.04"]
[SourceQuality "1"]

1. e4 e5 2. Nf3 Nc6 3. d4 exd4 4. c3 Nf6 5. e5 Ng4 6. cxd4 Bb4+ 7. Nc3 d6 8. h3 dxe5 9. d5 e4 10. hxg4 Bxg4 11. dxc6 Qxd1+ 12. Kxd1 0-0-0+ 13. Kc2 exf3 14. cxb7+ Kxb7 15. gxf3 Bf5+ 16. Ne4 1-0

[Event "Muensterland Verbandsliga 1718"]
[Site "Germany"]
[Date "2018.04.14"]
[Round "8.8"]
[White "Van de Vyle, Jan"]
[Black "Bienhuels, Michael"]
[Result "1-0"]
[WhiteElo "1778"]
[BlackElo "1676"]
[PlyCount "59"]
[EventDate "2017.09.09"]
[EventType "team-tourn"]
[EventRounds "9"]
[EventCountry "GER"]
[SourceTitle "EXT 2019"]
[Source "ChessBase"]
[SourceDate "2018.10.10"]
[SourceVersion "1"]
[SourceVersionDate "2018.10.10"]
[SourceQuality "1"]
[WhiteTeam "Nienberge II"]
[BlackTeam "Duelmen"]
[WhiteTeamCountry "GER"]
[BlackTeamCountry "GER"]

1. e4 c5 2. Nf3 Nc6 3. Bb5 g6 4. Nc3 Bg7 5. d3 Nd4 6. Bc4 d6 7. h3 Nf6 8. Be3 Nxf3+ 9. Qxf3 0-0 10. 0-0 a6 11. a4 Rb8 12. a5 Nd7 13. Qe2 Ne5 14. Bb3 Nc6 15. Qd2 Nxa5 16. Ba2 Nc6 17. Nd1 b5 18. c3 Bb7 19. f4 Qd7 20. Nf2 Kh8 21. f5 gxf5 22. exf5 Ne5 23. d4 cxd4 24. cxd4 Nc4 25. Bxc4 bxc4 26. Ng4 Rg8 27. d5 Qb5 28. f6 exf6 29. Bd4 f5 30. Rxf5 1-0

[Event "Muensterland Verbandsklasse 1617"]
[Site "Germany"]
[Date "2017.02.11"]
[Round "6.5"]
[White "Van de Vyle, Jan"]
[Black "Hofene, Markus"]
[Result "0-1"]
[WhiteElo "1750"]
[BlackElo "1636"]
[PlyCount "68"]
[EventDate "2016.09.24"]
[EventType "team"]
[EventRounds "9"]
[EventCountry "GER"]
[SourceTitle "EXT 2018"]
[Source "ChessBase"]
[SourceDate "2017.10.13"]
[SourceVersion "1"]
[SourceVersionDate "2017.10.13"]
[SourceQuality "1"]
[WhiteTeam "Nienberge II"]
[BlackTeam "Beelen II"]
[WhiteTeamCountry "GER"]
[BlackTeamCountry "GER"]

1. e4 d5 2. exd5 Nf6 3. Bb5+ Bd7 4. Be2 Nxd5 5. d4 e6 6. Nf3 c5 7. c4 Nf6 8. 0-0 cxd4 9. Nxd4 Nc6 10. Nb5 a6 11. Nd6+ Bxd6 12. Qxd6 Qe7 13. Qg3 Nd4 14. Bd1 Nf5 15. Qe5 Bc6 16. b3 Nd7 17. Qc3 Qf6 18. Ba3 Ne5 19. f4 Qg6 20. g3 Ng4 21. Bc5 h5 22. Bf3 Rc8 23. Bxc6+ Rxc6 24. b4 h4 25. Nd2 hxg3 26. Ne4 Qh5 27. Kg2 Qh3+ 28. Kf3 Nxh2+ 29. Ke2 Qg4+ 30. Kd2 Nxf1+ 31. Rxf1 Rh2+ 32. Kc1 g2 33. Re1 Qxf4+ 34. Kb1 Rh1 0-1

[Event "Muensterland Verbandsklasse 1617"]
[Site "Germany"]
[Date "2016.11.12"]
[Round "3.5"]
[White "Kamp, Aaron"]
[Black "Van de Vyle, Jan"]
[Result "1/2-1/2"]
[WhiteElo "1767"]
[BlackElo "1750"]
[PlyCount "84"]
[EventDate "2016.09.24"]
[EventType "team"]
[EventRounds "9"]
[EventCountry "GER"]
[SourceTitle "EXT 2018"]
[Source "ChessBase"]
[SourceDate "2017.10.13"]
[SourceVersion "1"]
[SourceVersionDate "2017.10.13"]
[SourceQuality "1"]
[WhiteTeam "Muenster SK V"]
[BlackTeam "Nienberge II"]
[WhiteTeamCountry "GER"]
[BlackTeamCountry "GER"]

1. e4 e5 2. d4 Nc6 3. d5 Nce7 4. Nf3 Ng6 5. c4 Nf6 6. Bd3 Bc5 7. 0-0 d6 8. Be3 Bb6 9. b4 Bxe3 10. fxe3 a5 11. Qe1 axb4 12. Qxb4 b6 13. Nc3 0-0 14. a4 Ra5 15. Nb5 Nd7 16. Nd2 Nc5 17. Bc2 Nh4 18. Nb3 Nxb3 19. Bxb3 Re8 20. Qd2 Ng6 21. Qf2 Re7 22. Bd1 Nf8 23. Bh5 g6 24. Bd1 Nd7 25. Qh4 Nc5 26. Bc2 Bd7 27. Nxc7 Bxa4 28. Bxa4 Qxc7 29. Bc6 Nb3 30. Rxa5 Nxa5 31. Bb5 Qd8 32. Qf6 Nb7 33. h4 Rc7 34. Qxd8+ Nxd8 35. Rf6 Nb7 36. g4 Kf8 37. Bc6 Ke7 38. Rf2 Na5 39. Bb5 h6 40. Kg2 f6 41. Kg3 Rc8 42. Rb2 Rb8 1/2-1/2

[Event "Muensterland Verbandsklasse 1617"]
[Site "Germany"]
[Date "2016.10.22"]
[Round "2.5"]
[White "Van de Vyle, Jan"]
[Black "Suer, Julian"]
[Result "1/2-1/2"]
[WhiteElo "1750"]
[BlackElo "1744"]
[PlyCount "33"]
[EventDate "2016.09.24"]
[EventType "team"]
[EventRounds "9"]
[EventCountry "GER"]
[SourceTitle "EXT 2018"]
[Source "ChessBase"]
[SourceDate "2017.10.13"]
[SourceVersion "1"]
[SourceVersionDate "2017.10.13"]
[SourceQuality "1"]
[WhiteTeam "Nienberge II"]
[BlackTeam "Raesfeld Erle II"]
[WhiteTeamCountry "GER"]
[BlackTeamCountry "GER"]

1. e4 d5 2. exd5 Qxd5 3. Nf3 Nf6 4. d4 Bf5 5. c4 Qd8 6. Be2 e6 7. 0-0 c6 8. Be3 Bd6 9. h3 0-0 10. Nc3 Nbd7 11. Nh4 Ne4 12. Nxf5 exf5 13. Nxe4 fxe4 14. c5 Bc7 15. d5 cxd5 16. Qxd5 Nf6 17. Qf5 1/2-1/2

[Event "Muensterland Verbandsklasse 1516"]
[Site "Germany"]
[Date "2015.09.19"]
[Round "1.5"]
[White "Van de Vyle, Jan"]
[Black "Moor, Daniel"]
[Result "1-0"]
[WhiteElo "1760"]
[BlackElo "1774"]
[PlyCount "101"]
[EventDate "2015.09.19"]
[EventType "team"]
[EventRounds "9"]
[EventCountry "GER"]
[SourceTitle "EXT 2017"]
[Source "ChessBase"]
[SourceDate "2016.10.25"]
[SourceVersion "1"]
[SourceVersionDate "2016.10.25"]
[SourceQuality "1"]
[WhiteTeam "Nienberge II"]
[BlackTeam "Ochtrup"]
[WhiteTeamCountry "GER"]
[BlackTeamCountry "GER"]

1. e4 Nf6 2. e5 Nd5 3. d4 d6 4. c4 Nb6 5. exd6 cxd6 6. Nc3 g6 7. Be3 Bg7 8. Rc1 0-0 9. b3 e5 10. dxe5 dxe5 11. Qxd8 Rxd8 12. c5 N6d7 13. Bc4 Nf6 14. Nf3 Nc6 15. Ng5 Rf8 16. 0-0 Bf5 17. Nb5 h6 18. Nf3 Rad8 19. Nd6 Bc8 20. h3 Ne8 21. Nxc8 Rxc8 22. Rfd1 Nf6 23. Rd6 Kh7 24. Bb5 Rfe8 25. a3 Re7 26. b4 Ne4 27. Rdd1 f5 28. Nd2 Nxd2 29. Bxd2 Nd4 30. Bf1 e4 31. Bf4 g5 32. Bd6 Rd7 33. Re1 a6 34. Bc4 Bf6 35. Kf1 b5 36. Ba2 Kg6 37. Bb1 Rdd8 38. Rcd1 Nc6 39. g4 Re8 40. gxf5+ Kg7 41. Bxe4 Bb2 42. Bxc6 Rxe1+ 43. Rxe1 Rxc6 44. Be5+ Bxe5 45. Rxe5 Rc8 46. Re6 Rf8 47. Rg6+ Kh7 48. Rxa6 Rxf5 49. Rb6 Rf3 50. Kg2 Rxa3 51. Rxb5 1-0

[Event "Muensterland Verbandsklasse-A 1213"]
[Site "Germany"]
[Date "2012.12.15"]
[Round "4.6"]
[White "Althoff, Ralph"]
[Black "Van de Vyle, Jan"]
[Result "1-0"]
[WhiteElo "1840"]
[BlackElo "1640"]
[PlyCount "79"]
[EventDate "2012.09.15"]
[EventType "team-tourn"]
[EventRounds "9"]
[EventCountry "GER"]
[SourceTitle "EXT 2015"]
[Source "ChessBase"]
[SourceDate "2014.11.20"]
[SourceVersion "1"]
[SourceVersionDate "2014.11.20"]
[SourceQuality "1"]
[WhiteTeam "Olfen"]
[BlackTeam "Nienberge II"]
[WhiteTeamCountry "GER"]
[BlackTeamCountry "GER"]

1. e4 e5 2. Nf3 Nc6 3. Bb5 a6 4. Ba4 Nf6 5. 0-0 b5 6. Bb3 Be7 7. Re1 d6 8. h3 0-0 9. c3 Na5 10. Bc2 c5 11. d4 Nc6 12. Be3 Bb7 13. Nbd2 cxd4 14. cxd4 Rc8 15. Rc1 Re8 16. a3 h6 17. Nf1 Bf8 18. Ng3 g6 19. Qd2 Kh7 20. Bb3 Qe7 21. d5 Nb8 22. a4 Rxc1 23. Rxc1 Rc8 24. Ra1 Nbd7 25. axb5 axb5 26. Ra5 Nc5 27. Bc2 Qc7 28. b4 Na6 29. Bd3 Qc3 30. Rxb5 Ba8 31. Ra5 Qxd2 32. Bxd2 Nc7 33. Ra7 Nfe8 34. b5 Rb8 35. Be3 Nxb5 36. Bxb5 Ng7 37. Bc6 Bxc6 38. dxc6 Ne6 39. c7 Rc8 40. Bb6 1-0